Tom Petty Songs - Sudden Death - Statistics

General Stats
  • This quiz has been taken 154 times
  • The average score is 13 of 20
Answers on the Grid
Answers color-coded by a green-red scale on the quiz's grid according to % correct below.
Stayin' Alive
The Waiting
Wildflowers
Heaven
Smells Like Teen Spirit
Evil Woman
It's Good to Be King
Don't Come Around Here No More
Free Fallin'
Badlands
Breakdown
Somebody to Love
You Got Lucky
Jammin' Me
Mary Jane's Last Dance
Refugee
Tangled Up in Blue
I Won't Back Down
Jessie's Girl
Southern Accents
Tuesday's Gone
Learning to Fly
Even the Losers
Yer So Bad
American Girl
The Last DJ
The Best of Everything
I Need to Know
Closer to the Heart
American Dream Plan B
 
Answer Stats
Answer % Correct
Free Fallin'
93%
I Won't Back Down
87%
Mary Jane's Last Dance
84%
American Girl
79%
Learning to Fly
78%
Refugee
77%
Don't Come Around Here No More
75%
You Got Lucky
73%
The Waiting
71%
Breakdown
70%
Wildflowers
69%
Yer So Bad
64%
Even the Losers
58%
I Need to Know
55%
Southern Accents
53%
Jammin' Me
51%
It's Good to Be King
48%
American Dream Plan B
39%
The Last DJ
38%
The Best of Everything
29%
No matching quizzes found
Score Distribution
Percent of People with Each Score
Percentile by Number Answered
Your Score History
You have not taken this quiz